Social exclusion of young lesbian, gay, bisexual and transgender (LGBT) people in Europe /

Salvato in:
Dettagli Bibliografici
Autore principale: Takacs, Judith (Autore)
Natura: Libro
Lingua:inglese
Pubblicazione: Brussels : Amsterdam : ILGA-Europe ; IGLYO, 2006
Tags: Aggiungi Tag
Nessun Tag, puoi essere il primo ad aggiungerne!!

MARC

LEADER 00000nam a22000007i 4500
001 IT\ICCU\UBO\3302688
003 ItRI
005 20260226160203.0
008 071017s2006 be |||||| ||||| |||||c
040 |b ita  |c GP 
041 7 |a eng  |2 ISO-639-2 
100 1 |a Takacs, Judith  |0 IT\ICCU\UBOV\199064  |4 aut 
245 1 0 |a Social exclusion of young lesbian, gay, bisexual and transgender (LGBT) people in Europe /  |c Judit Takács. 
260 |a Brussels :  |b ILGA-Europe ;  |a Amsterdam :  |b IGLYO,  |c 2006 
300 |a 104 p. ;  |c 30 cm. 
942 |2 ddc  |c BK 
952 |0 0  |1 0  |2 ddc  |4 0  |6 306_766100000000000_TAK  |7 1  |9 655  |a RM  |b RM  |d 2024-02-13  |l 0  |o 306.7661 TAK  |p 175  |r 2024-02-13 19:25:42  |w 2024-02-13  |y BK 
952 |0 0  |1 0  |4 0  |6 DOC_323_326000000000000_TAK  |7 0  |9 23952  |a BO  |b BO  |d 2026-01-15  |i 11855  |l 0  |o DOC 323.326 TAK  |p BO11855  |r 2026-01-15 23:23:16  |w 2026-01-15  |x [Sebina 5] [1 v. (2. copia)]  |y BK  |z 1 v. (2. copia) 
952 |0 0  |1 0  |4 0  |6 DOC_323_326000000000000_TAK  |7 0  |9 23953  |a BO  |b BO  |d 2026-01-15  |i 11381  |l 0  |o DOC 323.326 TAK  |p BO11381  |r 2026-01-15 23:23:16  |w 2026-01-15  |x [Sebina 5] [1 v.]  |y BK  |z 1 v. 
999 |c 610  |d 610